| 000 | 00500nam a22001817a 4500 | ||
|---|---|---|---|
| 005 | 20250313115729.0 | ||
| 008 | 250313b |||||||| |||| 00| 0 eng d | ||
| 020 | _a9780072358094 | ||
| 050 |
_aHD63 _b.4 HOD |
||
| 100 | _aHodgetts, Richard M. | ||
| 245 |
_aInternational management; _bculture, strategy, and behavior |
||
| 250 | _a4th | ||
| 260 |
_aBoston _bMcGraw-Hill _cc2000 |
||
| 300 |
_axxiv, 595p; _bill.; |
||
| 500 | _aIncludes subject index | ||
| 700 | _aLuthans, Fred | ||
| 942 |
_2lcc _cBK _n0 |
||
| 999 |
_c4752 _d4752 |
||